Thermofluid modeling for energy efficiency applications / (Record no. 22162)
[ view plain ]
| 000 -LEADER | |
|---|---|
| fixed length control field | 02312cam a22003735a 4500 |
| 001 - CONTROL NUMBER | |
| control field | 017367626 |
| 003 - CONTROL NUMBER IDENTIFIER | |
| control field | Uk |
| 005 - DATE AND TIME OF LATEST TRANSACTION | |
| control field | 20201128023805.0 |
| 006 - FIXED-LENGTH DATA ELEMENTS--ADDITIONAL MATERIAL CHARACTERISTICS--GENERAL INFORMATION | |
| fixed length control field | m || d | |
| 007 - PHYSICAL DESCRIPTION FIXED FIELD--GENERAL INFORMATION | |
| fixed length control field | cr ||||||||||| |
| 008 - FIXED-LENGTH DATA ELEMENTS--GENERAL INFORMATION | |
| fixed length control field | 150416s2016 enka frb 001|0|eng|d |
| 015 ## - NATIONAL BIBLIOGRAPHY NUMBER | |
| National bibliography number | GBB565928 |
| Source | bnb |
| 020 ## - INTERNATIONAL STANDARD BOOK NUMBER | |
| International Standard Book Number | 012802397X |
| 020 ## - INTERNATIONAL STANDARD BOOK NUMBER | |
| Cancelled/invalid ISBN | 9780128023976 |
| 037 ## - | |
| -- | 9780128025895 |
| -- | Ingram Content Group |
| 040 ## - CATALOGING SOURCE | |
| Original cataloging agency | StDuBDS |
| Language of cataloging | eng |
| Transcribing agency | StDuBDS |
| Modifying agency | EG-ScBUE |
| Description conventions | pn |
| 082 04 - DEWEY DECIMAL CLASSIFICATION NUMBER | |
| Edition number | 22 |
| Classification number | 620.1064 |
| Item number | THE |
| 245 00 - TITLE STATEMENT | |
| Title | Thermofluid modeling for energy efficiency applications / |
| Statement of responsibility, etc | edited by M. Masud K. Khan, Nur M. S. Hassan. |
| 260 ## - PUBLICATION, DISTRIBUTION, ETC. (IMPRINT) | |
| Place of publication, distribution, etc | London : |
| Name of publisher, distributor, etc | Academic Press / Elsevier, |
| Date of publication, distribution, etc | c.2016. |
| 300 ## - PHYSICAL DESCRIPTION | |
| Extent | xviii, 342 p. : |
| Other physical details | ill. ; |
| Dimensions | 24 cm. |
| 500 ## - GENERAL NOTE | |
| General note | Index : p. 333-342. |
| 504 ## - BIBLIOGRAPHY, ETC. NOTE | |
| Bibliography, etc | Includes bibliographical references. |
| 505 0# - FORMATTED CONTENTS NOTE | |
| Formatted contents note | 1. Performance Evaluation of Hybrid Earth Pipe Cooling with Horizontal Piping System -- 2. Thermal Efficiency Modelling in a Subtropical Data Centre -- 3. Natural Convection Heat Transfer in the Partitioned Attic Space -- 4. Application of Nanofluid in Heat Exchangers for Energy Savings -- 5. Effects of Perforation Geometry on the Heat Transfer Performance of Extended Surfaces and fluid flow characteristics of extended surfaces -- 6. Numerical Study of Flow through a Reducer for Scale Growth Suppression -- 7. Parametric Analysis of Thermal Comfort and Energy Efficiency in Building in Tropical Climate -- 8. Residential Building Wall Systems: Energy Efficiency and Carbon Footprint -- 9. Cement Kiln Modeling to Achieve Energy Efficiency by Utilizing Agricultural Biomass as Alternative Fuels -- 10. Modelling and Simulation of Heat and Mass Flow by ASPEN HYSYS for Petroleum Refining Process in Field Application -- 11. Modeling of Solid and Bio-Fuel Combustion Technologies -- Ambient Temperature Rise Consequences for Power Generation in Australia. |
| 650 #7 - SUBJECT ADDED ENTRY--TOPICAL TERM | |
| Topical term or geographic name as entry element | Fluid mechanics |
| General subdivision | Mathematical models. |
| Source of heading or term | BUEsh |
| 9 (RLIN) | 40726 |
| 650 #7 - SUBJECT ADDED ENTRY--TOPICAL TERM | |
| Topical term or geographic name as entry element | Thermodynamics. |
| Source of heading or term | BUEsh |
| 9 (RLIN) | 1919 |
| 650 #7 - SUBJECT ADDED ENTRY--TOPICAL TERM | |
| Topical term or geographic name as entry element | Computational fluid dynamics. |
| Source of heading or term | BUEsh |
| 9 (RLIN) | 34924 |
| 651 ## - SUBJECT ADDED ENTRY--GEOGRAPHIC NAME | |
| Source of heading or term | BUEsh |
| 653 ## - INDEX TERM--UNCONTROLLED | |
| Resource For college | Engineering, General |
| Arrived date list | August 2016 |
| 700 1# - ADDED ENTRY--PERSONAL NAME | |
| Personal name | Khan, M. Masud K. |
| 9 (RLIN) | 40727 |
| Relator term | editor. |
| 700 1# - ADDED ENTRY--PERSONAL NAME | |
| Personal name | Hassan, Nur M. S. |
| 9 (RLIN) | 40728 |
| Relator term | editor. |
| 942 ## - ADDED ENTRY ELEMENTS (KOHA) | |
| Source of classification or shelving scheme | Dewey Decimal Classification |
| Edition | 22 |
| Call number prefix | 620.1064 THE |
| Withdrawn status | Item status | Source of classification or shelving scheme | Damaged status | Not for loan | Vendor | Home library | Current library | Shelving location | Date acquired | Source of acquisition | Cost, normal purchase price | Serial Enumeration / chronology | Total Checkouts | Full call number | Barcode | Date last seen | Cost, replacement price | Koha item type |
|---|---|---|---|---|---|---|---|---|---|---|---|---|---|---|---|---|---|---|
| Dewey Decimal Classification | Baccah | Central Library | Central Library | First floor | 11/08/2016 | Purchase | 1425.00 | 25843 | 620.1064 THE | 000033207 | 15/07/2025 | 1781.25 | Book - Borrowing |